| 000 | 02670nam a22002297a 4500 | ||
|---|---|---|---|
| 003 | OSt | ||
| 005 | 20250616094921.0 | ||
| 008 | 250612b |||||||| |||| 00| 0 eng d | ||
| 020 | _a9780241993255 | ||
| 040 | _ctbs | ||
| 041 | _aeng | ||
| 100 |
_aGranneman, Jenn _925400 |
||
| 245 |
_aSensitive _b: the power of a thoughtful mind in an overwhelming world _c/ Jenn Granneman and Andre Sólo |
||
| 260 |
_aLondon : _bPenguin Life _c2023 |
||
| 300 | _a261 pages 24 cm. | ||
| 505 | _aSensitivity: stigma or superpower? — The sensitive boost effect — The five gifts of sensitivity — Too much, too loud, too fast — The pain of empathy — Full-hearted love — Raising a sensitive generation — More than just a paycheck — The sensitive revolution. | ||
| 520 | _a"Everyone has a sensitive side, but nearly 1 in 3 people have the genes to be more sensitive than others--both physically and emotionally. These are the people who pause before speaking and think before acting; they tune into subtle details and make connections that others miss. They tend to be intelligent, big-hearted, and wonderfully creative; they are wired to go deep, yet society tells them to hide the very sensitivity that makes them this way. These are the world's "highly sensitive people," and Sensitive is the book that champions them. By the creators of the world's largest community for sensitive people, Sensitive teaches us how to unlock the potential in this undervalued strength and leverage it across the most important areas of our lives: in friendships and relationships, the workplace, leadership, and parenting. Through fascinating research and expert storytelling, Jenn Granneman and Andre Sólo show readers that the way to thrive as a sensitive person is not to hide their sensitivity, but to embrace it--and they demonstrate how to do that in each area of life. Weaving together actionable advice, relatable anecdotes, and the latest scientific research, Sensitive shows readers how leaning in to their sensitivity unlocks a powerful "boost effect" to launch them ahead in life. It hands them the tools and insights they need to thrive as a sensitive person in a loud, fast, too-much world. A powerfully validating, destigmatizing, and practical book, Sensitive plants a gently fluttering flag in the ground for sensitive people everywhere. This inspiring book has the power to change--once and for all--how we see sensitive people, and how they see themselves"--Publisher's description. | ||
| 650 | 0 |
_aSensitivity (Personality trait) _925401 |
|
| 650 | 0 |
_aSuccess Psychological aspects _911199 |
|
| 700 |
_aSólo, Andre _925402 |
||
| 942 | _2lcc | ||
| 999 |
_c4724 _d4724 |
||